Score 0/22 Timer 03:00
1 Play Today
Hint 4-letter word % Correct
▪Water transport▪▪BOAT▪
97.5%
Sock entererFOOT
97.1%
Italian shapeBOOT
96.7%
Like a fictional RangerLONE
94.1%
▪One who jests▪▪FOOL▪
93.8%
Pig fatLARD
93.3%
Poet Byron's titleLORD
91.3%
Tie up tightlyBIND
91.2%
Triumph overBEAT
90.8%
Affected by the A/CCOOL
90.1%
▪Ornithologist's interest▪▪BIRD▪
88.7%
Hint 4-letter word % Correct
PlayStation creatorSONY
87.9%
Like Rowling's BeedleBARD
87.7%
Chile's coastline, perhapsLONG
86.8%
▪Pop artist's creation▪▪SONG▪
86.2%
Chemical connector BOND
86%
▪Show to a table, at a restaurant▪▪SEAT▪
84.8%
Nocturnal bandit, for shortCOON
83.2%
Without any meatBONY
82.1%
Listening vegetable?CORN
79.7%
▪Left by oneself▪▪LORN▪
76.5%
▪Word that can precede every themed entry▪♥️LOVE♥️
58.1%

Today's Daily Dose

Word Ladder
AC/DC Albums

Quick Pick
Martial Arts

Get the Picture
Monarchy or Presidency

Remove Ads.
Support Sporcle.
Get the best of Sporcle when you Go Orange. This ad-free experience offers more features, more stats, and more fun while also helping to support Sporcle. Thank you for becoming a member.

You're not logged in!

Compare scores with friends on all Sporcle quizzes.
OR
Log In

Show Comments

Extras

Top Quizzes Today


Score Distribution

Your Account Isn't Verified!

In order to create a playlist on Sporcle, you need to verify the email address you used during registration. Go to your Sporcle Settings to finish the process.

Report this User

Report this user for behavior that violates our Community Guidelines.

Details: